000 00764nam a2200217 i 4500
001 bg
245 0 0 _aModele i modelowanie makroekonomiczne - zastosowania /
_cInstytut Rozwoju i Studiów Strategicznych.
260 _aWarszawa :
_bIRiSS,
_c1997.
300 _a170 s. :
_bwykr. ;
_c25 cm.
490 1 _aRaporty / Instytut Rozwoju i Studiów Strategicznych,
_x1230-2848 ;
_v56
504 _aBibliogr. przy ref.
650 9 _aEkonometria
_xmetody
650 9 _aGospodarka
_xprognozy
_xbadanie
651 9 _aPolska
_xgospodarka
_xprognozy
_xbadanie
830 0 _aRaporty (Instytut Rozwoju i Studiów Strategicznych) ;
_v56
040 _cBPK
041 0 _apl
080 _a338.22.001.18(438):330.43:519.86
942 _cKS
008 s pl f |000 0 pol
999 _c32671
_d32671
856 _uhttp://koha.tu.koszalin.pl/cgi-bin/koha/opac-detail.pl?biblionumber=32671
_yKatalog online BPK